| 000 | 00633nam a2200205Ia 4500 | ||
|---|---|---|---|
| 003 | SISC | ||
| 005 | 20160610155346.0 | ||
| 008 | 140429s9999 xx 000 0 und d | ||
| 020 | _a9781604537697 | ||
| 050 |
_aGV 950.7 _b.Sa25 2010 |
||
| 100 | _aSalzmann, Mary Elizabeth. | ||
| 245 |
_aFootball by the numbers / _cMary Elizabeth Salzmann. |
||
| 260 |
_aMinnesota : _bABDO Pub., _c2010. |
||
| 300 |
_a24 pages : _bcolor illustrations ; _c20 cm. |
||
| 440 | _a(Teams sports by the numbers). | ||
| 650 |
_aArithmetic _xJuvenile literature. |
||
| 650 |
_aFootball _xJuvenile literature. |
||
| 942 |
_kFOR _cBK _2lcc |
||
| 999 |
_c115640 _d115640 |
||